Unit operations of chemical engineering (Record no. 3799)

000 -LEADER
fixed length control field 00652nam a2200241 a 4500
001 - CONTROL NUMBER
control field 3799
003 - CONTROL NUMBER IDENTIFIER
control field BD-DhUET
008 - FIXED-LENGTH DATA ELEMENTS--GENERAL INFORMATION
fixed length control field 850523s1985 nyua b 001 0 eng
020 ## - INTERNATIONAL STANDARD BOOK NUMBER
International Standard Book Number 0070448280
040 ## - CATALOGING SOURCE
Modifying agency BD-DhUET
Transcribing agency 0
082 0# - DEWEY DECIMAL CLASSIFICATION NUMBER
Classification number 660.2842
Item number MCC/1985
100 1# - MAIN ENTRY--PERSONAL NAME
Personal name McCabe, Warren L.
245 10 - TITLE STATEMENT
Title Unit operations of chemical engineering
250 ## - EDITION STATEMENT
Edition statement 4th ed.
260 ## - PUBLICATION, DISTRIBUTION, ETC. (IMPRINT)
Place of publication, distribution, etc. New York
Name of publisher, distributor, etc. McGraw-Hill
Date of publication, distribution, etc. 1985
300 ## - PHYSICAL DESCRIPTION
Extent x, 960 p.
Other physical details ill.
Dimensions 25 cm.
490 1# - SERIES STATEMENT
Series statement McGraw-Hill chemical engineering series
504 ## - BIBLIOGRAPHY, ETC. NOTE
Bibliography, etc Includes bibliographies
650 #0 - SUBJECT ADDED ENTRY--TOPICAL TERM
Topical term or geographic name as entry element Chemical Processer
700 1# - ADDED ENTRY--PERSONAL NAME
Personal name Smith, Julian C.
700 1# - ADDED ENTRY--PERSONAL NAME
Personal name Harriott, Peter.
942 ## - ADDED ENTRY ELEMENTS (KOHA)
Koha item type General Book
Holdings
Location (home branch) Damaged status Copy number Date acquired Price effective from Koha date last borrowed Sublocation or collection (holding branch) Source of classification or shelving scheme Koha item type Not for loan Koha normalized classification for sorting Piece designation (barcode) Koha full call number Shelving location Koha date last seen Withdrawn status Lost status Koha issues (times borrowed)
Central Library, BUET 12014-11-052014-11-05 Central Library, BUET General Book 660_000000000000000_2842MCC19872739660.2842/MCC/1985Circulation section2016-10-23   
Central Library, BUET 22014-11-052014-11-05 Central Library, BUET General Book 660_000000000000000_2842MCC19877549660.2842/MCC/1985Circulation section2014-11-05   
Central Library, BUET 32014-11-052014-11-052018-11-14Central Library, BUET General Book 660_000000000000000_2842MCC19877550660.2842/MCC/1985Circulation section2018-12-04  2
Central Library, BUET 42015-07-012015-07-01 Central Library, BUET Reading Item 660_284200000000000_MCC_198568731660.2842/MCC/1985Reading section2015-07-01   
Central Library, BUET ৪/ক-১1989-06-272024-11-25 Central Library, BUET Rental Item 660_284200000000000_MCC_198573910660.2842 MCC/1985Rental section2024-11-25   
Central Library, BUET ৪/ক-২1989-06-272024-11-25 Central Library, BUET Rental Item 660_284200000000000_MCC_198573911660.2842 MCC/1985Rental section2024-11-25   
Central Library, BUET ৪/ক-৩1989-06-272024-11-25 Central Library, BUET Rental Item 660_284200000000000_MCC_198573912660.2842 MCC/1985Rental section2024-11-25   
Central Library, BUET ৪/ক-৪1989-06-272024-11-25 Central Library, BUET Rental Item 660_284200000000000_MCC_198573913660.2842 MCC/1985Rental section2024-11-25   
Central Library, BUET ৪/ক-৫1989-06-272024-11-25 Central Library, BUET Rental Item 660_284200000000000_MCC_198573914660.2842 MCC/1985Rental section2024-11-25   
Central Library, BUET ৪/ক-৬1989-06-272024-11-25 Central Library, BUET Rental Item 660_284200000000000_MCC_198573915660.2842 MCC/1985Rental section2024-11-25   
Central Library, BUET ৪/ক-৭1989-06-272024-11-25 Central Library, BUET Rental Item 660_284200000000000_MCC_198573916660.2842 MCC/1985Rental section2024-11-25   
Central Library, BUET ৪/ক-৮1989-06-272024-11-25 Central Library, BUET Rental Item 660_284200000000000_MCC_198573917660.2842 MCC/1985Rental section2024-11-25   
Central Library, BUET ৪/ক-৯1989-06-272024-11-25 Central Library, BUET Rental Item 660_284200000000000_MCC_198573918660.2842 MCC/1985Rental section2024-11-25   
Central Library, BUET ৪/ক-১০1989-06-272024-11-25 Central Library, BUET Rental Item 660_284200000000000_MCC_198573919660.2842 MCC/1985Rental section2024-11-25   
Central Library, BUET ৪/ক-২৫1989-06-272024-11-25 Central Library, BUET Rental Item 660_284200000000000_MCC_198573934660.2842 MCC/1985Rental section2024-11-25   
Central Library, BUET ৪/ক-২৬1989-06-272024-11-25 Central Library, BUET Rental Item 660_284200000000000_MCC_198573935660.2842 MCC/1985Rental section2024-11-25